| 000 | 00414nam a2200145 4500 | ||
|---|---|---|---|
| 008 | 160921b xxu||||| |||| 00| 0 eng d | ||
| 022 | _a16565649 | ||
| 082 | _aDPer 303.405 May-Sept 2015 no. 6-10 | ||
| 245 | _aWere all unique. | ||
| 260 |
_aQuezon City: _bHardware Zone Phils. Corp., _cc2015. |
||
| 300 |
_apages 84-85; _c30 cm. |
||
| 500 | _aHWM Philippines. | ||
| 650 | 0 |
_915093 _aCiphers |
|
| 942 |
_2ddc _cPER |
||
| 999 |
_c4759 _d4759 |
||